Logo BPK

Biblioteka

Politechniki Koszalińskiej

Magnitnye materialy : (Rekord nr 16007)

Szczegóły MARC
000 -ETYKIETA REKORDU
podpole kontrolne o stałej długości 00411nam a2200157 i 4500
001 - NUMER KONTROLNY REKORDU
pole kontrolne bg
040 ## - ŹRÓDŁO KATALOGOWANIA
Instytucja, która utworzyła rekord BPK
041 ## - KOD JĘZYKA
Kod języka tekstu pol
008 - POLE O STAŁEJ DŁUGOŚCI - DANE KONTROLNE
podpole kontrolne o stałej długości s pl f |000 0 pol
100 1# - NAZWA OSOBOWA
Nazwa osobowa SUKAZOV, E. A.
245 #0 - TYTUŁ/ODPOWIEDZIALNOŚĆ
Tytuł Magnitnye materialy :
Ciąg dalszy tytułu ucebnoe posobie /
Pozostałe elementy strefy tytułu i oznaczenia odpowiedzialności E.A. Sukazov, F.A. Bogacev, A.D. Nacinkow.
260 ## - STREFA ADRESU WYDAWNICZEGO
Miejsce wydania Leningrad,
Data publikacji, dystrybucji/powstania dokumentu 1974.
700 1# - HASŁO DODATKOWE - NAZWA OSOBOWA
Nazwa osobowa BOGACEV, F. A.
700 1# - HASŁO DODATKOWE - NAZWA OSOBOWA
Nazwa osobowa NACINKOW, A. D.
856 ## - LOKALIZACJA I DOSTĘP DO ELEKTRONICZNYCH DOKUMENTÓW ZDALNYCH
Link (URL) http://koha.tu.koszalin.pl/cgi-bin/koha/opac-detail.pl?biblionumber=16007
Tekst linku Katalog online BPK
942 ## - DODATKOWE ELEMENTY (KOHA)
Typ dokumentu Książka
Egzemplarze
Wycofany Status egzemplarza Uszkodzony Dostępność Lokalizacja stała Lokalizacja bieżąca Miejsce przechowywania Sygnatura Kod kreskowy Typ dokumentu Numer ubytku
      Dostępny Biblioteka Politechniki Koszalińskiej Biblioteka Politechniki Koszalińskiej Wypożyczalnia BG 19447 01705478 Książka  
  Egz. niedostępny   Niedostępny Biblioteka Politechniki Koszalińskiej Biblioteka Politechniki Koszalińskiej   19448 01705485 Książka 11852
© 2023 Biblioteka Politechniki Koszalińskiej :: KOHA